LEADER 01201nam--2200361---450- 001 990005869640203316 005 20130709122606.0 035 $a000586964 035 $aUSA01000586964 035 $a(ALEPH)000586964USA01 035 $a000586964 100 $a20130709d1983----km-y0itay50------ba 101 $aita 102 $aIT 105 $a||||||||001yy 200 1 $a<> ristrutturazione$ela programmazione neurolinguistica e la trasformazione del significato$fRichard Bandler, John Grinder 210 $aRoma$cAstrolabio$d1983 215 $a213 p.$d22 cm 225 2 $aPsiche e coscienza 410 0$12001$aPsiche e coscienza 454 1$12001$aReframing : neuro-linguistic programming and transformation of meaning$921684 606 0 $aLinguaggio$xNeuroscienze$2BNCF 676 $a612.82336 700 1$aBANDLER,$bRichard$0144717 701 1$aGRINDER,$bJohn$0144718 801 0$aIT$bsalbc$gISBD 912 $a990005869640203316 951 $aII.3. 3812$b241344 L.M.$cII.3.$d00341911 959 $aBK 969 $aUMA 979 $aIANNONE$b90$c20130709$lUSA01$h1226 996 $aReframing : neuro-linguistic programming and transformation of meaning$921684 997 $aUNISA